01579nam a2200361 i 450000500170000000700030001700800410002002000180006104000350007904100080011408400110012210000370013324501740017025000220034426400370036630000400040333600270044333700330047033800280050352100530053154500860058465000680067065000430073865000410078165000560082265000730087865000550095165100980100670000380110470000450114294200150118799900150120220220317002007.0ta210805s20182019ck a|||jr6||| 00| 1 spa d a9789587577877 aCO-BoRNBPbspaerdacCO-BoRNBP0 aspa aH NEM21 aNeme, Rowenad1992-eilustradora13aYo no corrí frente al miedobhistorias de comunidades que desafiaron la muerte por vivir en libertadcilustraciones Rowena Neme ; guión Maru Lombardo y Javier Forero aPrimera edición 1aBogotábIntermedioc2018c2019 a119 páginasbilustracionesc23 cm 2rdacontentatextobtxt 2rdamediaasin mediaciónbn 2rdacarrieravolumenbnc aRecomendado para un público mayor de 15 años aIncluye datos biográficos de la ilustradora y guionistas en la contracarátula17aTiras cómicas, historietas, etc. colombianasySiglo XXI2LEMB17aLiteratura colombianaySiglo XXI2LEMB17aAutores colombianosySiglo XXI2LEMB17aViolenciavTiras cómicas, historietas, etc.2LEMB17aConflicto armadozColombiavTiras cómicas, historietas, etc.2LEMB17aLibertadvTiras cómicas, historietas, etc.2LEMB 4aColombiaxPoblación ruralxCondiciones socialesvTiras cómicas, historietas, etc.91493051 aForero, Javiereguionista91784651 aLombardo, Marud1994-eguionista9178466 2loccBKLIT c8823d8823